| 000 | 02503nam0a2200337 4500 | ||
|---|---|---|---|
| 001 | RU\NLR\BIBL_A\022556560 | ||
| 005 | 20260420045322.0 | ||
| 010 |
_a978-5-9920-0472-4 _9100 |
||
| 021 |
_aRU _bКН-П-25-021211 _9КН-П-25-2149 |
||
| 035 | _a(NLR Aleph) 022556560 | ||
| 090 |
_a13674171 _c13674171 |
||
| 100 | _a20250603a2024 u y0rusy50 ca | ||
| 101 | 0 | _arus | |
| 102 | _aRU | ||
| 105 | _aa|||j|||000yy | ||
| 181 | 0 |
_ai3 _baxxe |
|
| 182 | 0 | _an | |
| 200 | 1 |
_aПрактические навыки по гинекологии _eучебное пособие _eдля студентов медицинских вузов, ординаторов, аспирантов, врачей акушеров-гинекологов, проходящих обучение в системе дополнительного профессионального профессионального образования _fО. В. Шарапова, Л. И. Герасимова, Д. А. Пономарев _gпод редакцией проф. О. В. Шараповой _gМинистерство науки и высшего образования Российской Федерации, Федеральное государственное бюджетное образовательное учреждение высшего образования "Российский биотехнологический университет (РОСБИОТЕХ)", Медицинский институт непрерывного образования" |
|
| 203 |
_aТекст _bвизуальный _cнепосредственный |
||
| 210 |
_aМосква _cРОСБИОТЕХ _d2024 |
||
| 215 |
_a111 с. _cил. _d19 |
||
| 320 | _aБиблиогр.: с. 110-111 (14 назв.) | ||
| 606 | 1 |
_aГинекология _jУчебные издания _9930333 _3RU\NLR\AUTH\6623884 |
|
| 686 | 1 | _aР715я7 | |
| 700 | 1 |
_aШарапова _bО. В. _gОльга Викторовна |
|
| 701 | 1 |
_7ca _8rus _aГерасимова _bЛ. И. _cд-р мед. наук, акушерство и гинекология _f1959- _gЛюдмила Ивановна _921856 _3RU\NLR\AUTH\7738872 |
|
| 701 | 1 |
_aПономарёв _bД. А. _cакушер-гинеколог _gДмитрий Анатольевич _92673267 _3RU\NLR\AUTH\770283106 |
|
| 942 | _cBOOK | ||
| 980 | _aNB | ||